I want to be a gymnast. (Record no. 6862)

MARC details
000 -LEADER
fixed length control field 01040cam a2200349 a 4500
001 - CONTROL NUMBER
control field 6862
003 - CONTROL NUMBER IDENTIFIER
control field FISKH
005 - DATE AND TIME OF LATEST TRANSACTION
control field 20250604083750.0
008 - FIXED-LENGTH DATA ELEMENTS--GENERAL INFORMATION
fixed length control field 060628s2006 nyua j 000 0 eng
010 ## - LIBRARY OF CONGRESS CONTROL NUMBER
LC control number 2006278659
020 ## - INTERNATIONAL STANDARD BOOK NUMBER
International Standard Book Number 0756620120
020 ## - INTERNATIONAL STANDARD BOOK NUMBER
International Standard Book Number 9780756620110
020 ## - INTERNATIONAL STANDARD BOOK NUMBER
International Standard Book Number 0756620112
020 ## - INTERNATIONAL STANDARD BOOK NUMBER
International Standard Book Number 9780756620127
024 3# - OTHER STANDARD IDENTIFIER
Standard number or code 9780756620110 (pbk.)
040 ## - CATALOGING SOURCE
Original cataloging agency DOV
Transcribing agency DOV
Modifying agency DLC
Language of cataloging eng
050 ## - LIBRARY OF CONGRESS CALL NUMBER
Classification number GV461 .S55
082 ## - DEWEY DECIMAL CLASSIFICATION NUMBER
Classification number 796.44
100 1# - MAIN ENTRY--PERSONAL NAME
Personal name Simkins, Kate
245 10 - TITLE STATEMENT
Title I want to be a gymnast.
Statement of responsibility, etc. written by Kate Simkins
260 ## - PUBLICATION, DISTRIBUTION, ETC.
Place of publication, distribution, etc. New York :
Name of publisher, distributor, etc. DK Publishing,
Date of publication, distribution, etc. 2006.
300 ## - PHYSICAL DESCRIPTION
Extent 32 pages :
Other physical details color illustrations ;
Dimensions 23 cm
490 ## - SERIES STATEMENT
Series statement Dorling Kindersley readers :
Volume/sequential designation Beginning to read alone 2
505 ## - FORMATTED CONTENTS NOTE
Formatted contents note J<br/>
520 ## - SUMMARY, ETC.
Summary, etc. Examines two young girls as they learn the beam, bars and vault.
521 8# - TARGET AUDIENCE NOTE
Target audience note 430<br/>
Source Lexile estimate <br/>
521 8# - TARGET AUDIENCE NOTE
Target audience note J<br/>
Source Raz-Plus<br/>
650 #0 - SUBJECT ADDED ENTRY--TOPICAL TERM
Topical term or geographic name entry element Gymnastics
Form subdivision Juvenile literature.
906 ## - LOCAL DATA ELEMENT F, LDF (RLIN)
a 7
b cbc
c copycat
d 2
e ncip
f 20
g y-gencatlg
942 ## - ADDED ENTRY ELEMENTS (KOHA)
Source of classification or shelving scheme Dewey Decimal Classification
Koha item type Books
Suppress in OPAC No
Holdings
Withdrawn status Lost status Source of classification or shelving scheme Damaged status Not for loan Collection Home library Current library Shelving location Date acquired Total Checkouts Full call number Barcode Date last seen Copy number Price effective from Koha item type
    Dewey Decimal Classification     Non-Fiction Footprints International School Library Network Toul Kork Campus Footprints International School Library Network Toul Kork Campus TK Primary Library Room(4th Floor), Bookcase 1&2, Shelves 1-16, Dark Blue Books 06/04/2025   SIM 796.44 GV461 .S55 FISTK01429 06/04/2025 1 06/04/2025 Books